Les films Disney-Pixar par années de sortie - Statistiques

Statistiques générales
  • Ce quiz a été pris 3 527 fois
    3 460 depuis la dernière actualisation
  • Le résultat moyen est 40 sur 141
Statistiques - réponses
Année Film % Correct
1938 Blanche-Neige et les 7 nains
89%
1950 | 2015 Cendrillon
81%
1996 Toy Story
78%
1991 | 2017 La Belle et la Bête
75%
2013 La reine des neiges
71%
1959 La Belle au Bois Dormant
69%
1998 Mulan
68%
2010 Raiponce
68%
1994 Le Roi Lion
67%
2000 Toy Story 2
67%
2006 Cars
66%
2010 Toy Story 3
66%
1990 La Petite Sirène
65%
1947 Dumbo
59%
1946 Pinocchio
59%
1995 Pocahontas
59%
2012 Rebelle
59%
1993 Aladdin
58%
1948 Bambi
58%
1946 Fantasia
58%
1955 La Belle et le Clochard
58%
1953 Peter Pan
58%
2011 Cars 2
57%
2016 Vaiana
56%
2010 La princesse et la grenouille
53%
2003 Le monde de Némo
53%
1961 Les 101 Dalmatiens
53%
2017 Cars 3
52%
1968 Le livre de la Jungle
52%
2016 Le Livre de la Jungle
52%
1998 Le Roi Lion 2
50%
1970 Les Aristochats
49%
1999 Tarzan
46%
2017 Coco
45%
2016 Le monde de Dory
45%
2004 Les Indestructibles
44%
1997 Hercule
43%
2009 Là-haut
43%
2007 Ratatouille
43%
2004 Le Roi Lion 3
42%
1951 Alice au Pays des Merveilles
41%
1981 Rox et Rouky
41%
2015 Vice versa
41%
1996 Le Bossu de Notre-Dame
40%
2004 Mulan 2 : la mission de l'empereur
40%
1964 Merlin l'Enchanteur
37%
1974 Robin des Bois
37%
2000 La Petite Sirène 2
36%
2008 Wall-e
36%
2002 Lilo et Stitch
35%
1999 1001 pattes
33%
2001 Kuzco, l'empereur mégalo
33%
2012 Les mondes de Ralph
33%
2002 Monstres et compagnie
32%
2016 Zootopie
32%
2004 Frère des ours
31%
1998 Pocahontas 2
30%
2000 Fantasia 2000
29%
1964 Mary Poppins
28%
2013 Planes
28%
2006 Bambi 2
25%
1985 Taram et le chaudron magique
25%
2005 Tarzan 2 : l'enfance d'un héros
25%
2008 La fée Clochette
23%
2015 Les nouveaux héros
23%
1988 Oliver et Compagnie
23%
2014 Planes 2
22%
2002 La Planète au trésor
21%
1977 Les aventures de Bernard et Bianca
20%
1948 Les trois caballeros
20%
2013 Monstres academy
20%
2003 Le livre de la Jungle 2
19%
2004 La ferme se rebelle
18%
1994 Le retour de Jafar
18%
2015 Le voyage d'Arlo
18%
2007 Rox et Rouky 2
17%
2015 Avengers : l'ère d'Ultron
16%
2005 Chicken Little
16%
2000 Dinosaure
16%
2006 Frère des ours 2
16%
2005 Lilo et Stitch 2 : Hawaï nous avons un problème !
16%
1946 Mélodie du Sud
16%
1951 Mélodie Cocktail
15%
1986 Basil détective privé
14%
1949 La boîte à musique
14%
2011 Pirates des Caraïbes : La Fontaine de Jouvence
14%
2017 Pirates des Caraïbes : la vengeance de Salazar
14%
1950 Coquin de Printemps
13%
2005 Kuzco 2 : King kronk
13%
1977 Les aventures de Winnie l'Ourson
13%
1947 Saludos Amigos
13%
1996 Dingo et Max
12%
1949 Le crapaud et le maître d'école
12%
2014 Maléfique
12%
1991 Bernard et Bianca au pays des kangourous
11%
2007 Bienvenue chez les Robinson
11%
2009 Volt, star malgré lui
11%
2001 Atlantide l'empire perdu
10%
2016 Captain America : Civil war
10%
2014 Captain America : le soldat de l'hiver
10%
1996 Aladdin et le roi des voleurs
9%
1948 Danny le petit mouton noir
9%
2013 Thor le Monde des Ténèbres
9%
2017 Thor : Ragnarok
9%
1991 La Bande à Picsou : le trésor de la lampe perdue
8%
1977 Peter et Elliott le Dragon
8%
2016 Peter et Elliott le dragon
8%
2006 The wild
6%
2014 Les gardiens de la galaxie
5%
2014 Les Gardiens de la galaxie
5%
2017 Les gardiens de la galaxie Vol. 2
5%
2015 Ant-man
4%
1971 L'apprentie sorcière
4%
2001 Buzz l'éclair le film
3%
2016 Doctor Strange
3%
2007 Il était une fois
3%
2004 Les aventures de Petit Gourou
3%
2005 Winnie l'Ourson et l'Efélant
3%
2016 Alice de l'autre côté du miroir
2%
2013 Iron Man 3
2%
1982 Tron
2%
2011 Tron l'héritage
2%
2010 L'Apprenti sorcier
1%
1947 Le dragon récalcitrant
1%
1943 Victoire dans les airs
1%
2015 A la poursuite de demain
0%
1999 Doug le film
0%
2012 Frankenweenie
0%
2011 Gnomeo et Juliette
0%
2015 Into the woods : promenons-nous dans les bois
0%
1997 James et la pêche géante
0%
2012 John Carter
0%
2009 Le drôle de Noël de Scrooge
0%
2013 Le monde fantastique d'Oz
0%
2013 Lone ranger : naissance d'un héros
0%
2010 Prince of Persia
0%
2016 The finest hours
0%
2016 Tini la nouvelle vie de Violetta
0%
Aucun quiz correspondant
Distribution des résultats
% des personnes avec chaque résultat
Percentile par nombre de réponses
Votre historique - résultats
Vous n’avez pas pris ce quiz depuis la dernière actualisation